000 00283nam a2200121Ia 4500
008 220204s9999 xx 000 0 und d
082 _a651.4/.9
_bKUC
100 _aKuchhal, M C
245 0 _aSecretarial practice
250 _aEd.2
260 _aNew Delhi
_bVikas
_c1976
942 _cBK
999 _c24689
_d24689